000 00570nam a2200181 i 4500
001 104425
003 ES-MaACL
005 20230906183612.0
007 t|
008 051130s1925 sp ||||1| spa d
100 1 _aMillares Carlo, Agustín,
_d1893-1980
_981176
245 1 0 _aDe paleografía visigótica
_b: a propósito del "Codex Toledanus" /
_cAgustín Millares Carlo.
260 _aMadrid :
_bHernando,
_c1925.
300 _a30 p. :
_bil. ;
_c26 cm.
650 4 _aEscritura visigótica.
_9153395
852 _aES-MaACL
_j1603-F-16
999 _c104425
_d104425